Macromedia fireworks mx : training from the source

Bibliographic Details
Main Author: Schulze, Patti
Format: Book
Language:English
Published: Berkeley, Ca : Macromedia Press , c2003
Subjects:

MARC

LEADER 00000cam a2200000 7i4500
001 0000011777
005 20230515.0
008 030826 cau eng
020 |a 0201799286 (pbk) 
040 |a INS 
090 0 0 |a T385   |b .S3356 2003 
100 1 |a Schulze, Patti 
245 1 0 |a Macromedia fireworks mx :   |b training from the source   |c Patti Schulze 
260 |a Berkeley, Ca :   |b Macromedia Press ,   |c c2003 
300 |a x, 300 p. :   |b ill. ;   |c 26 cm. +.   |e 1 CD-ROM (4 3/4 in.) 
500 |a Includes index 
650 0 |a Computer graphics 
650 0 |a Web site development 
650 0 |a Web site   |x Design 
999 |a 0000011438   |b BOOK   |c Open Shelf   |e Default branch